000 00774nam a2200229Ia 4500
001 9336
003 GE_BSU
008 181216s||||||||xx |||||||||||||| ||und||
040 _cGE_BSU
080 _a821.353.1-31
100 _aლორთქიფანიძე,კონსტანტინე
245 _aკოლხეთის ცისკარი
245 _bრომანი
245 _cრედ.შ.ბუაჩიძე.მხატვ.თ.ყუბანეიშვილი,ი.გურო
260 _aთბილისი
260 _bცოდნა
260 _c1959
300 _a303გვ.ილ.პორტრ.24სმ.
653 _aკოლხეთის ცისკარი
653 _aრომანი
942 _cBK
999 _c42632
_d42632